MARC

LEADER 00000nam0a2200000 4500
001 284470
005 20231101235710.0
035 |a (RuTPU)RU\TPU\book\308637 
090 |a 284470 
100 |a 20150216d1984 k y0rusy5003 ca 
101 0 |a rus 
102 |a RU 
105 |a a z 001zy 
200 1 |a Структурно-механическое исследование композиционных материалов и конструкций  |e [сборник статей]  |f Академия наук СССР (АН СССР), Уральский научный центр (УНЦ) 
210 |a Свердловск  |c Изд-во УНЦ АН СССР  |d 1984 
215 |a 167 с.  |c ил.  |d 21 см 
320 |a Библиография в конце статей 
606 1 |a Композиционные материалы  |x Структурно-механические свойства  |2 stltpush  |3 (RuTPU)RU\TPU\subj\15041  |9 41339 
610 1 |a конструкции 
610 1 |a структурно-механические исследования 
610 1 |a деформируемые системы 
610 1 |a структурная механика 
610 1 |a порошковые композиты 
610 1 |a прочностные свойства 
610 1 |a микронеоднородные среды 
610 1 |a напряжения 
610 1 |a деформации 
675 |a 620.22-419.8:53  |z rus  |v 4 
712 0 2 |a Академия наук СССР (АН СССР)  |b Уральский научный центр (УНЦ)  |2 stltpush  |3 (RuTPU)RU\TPU\col\3284 
801 0 |a RU  |b RuMRKP  |c 19950704  |g psbo 
801 1 |a RU  |b 63413507  |c 20150216 
801 2 |a RU  |b 63413507  |c 20171027  |g RCR 
942 |c BK